| 000 | 00651nam a2200217 4500 | ||
|---|---|---|---|
| 003 | OSt | ||
| 005 | 20140310182208.0 | ||
| 008 | 130905t xxu||||| |||| 00| 0 eng d | ||
| 020 | _a9780194370943 | ||
| 050 |
_aPN 59 _b.D855 1990 |
||
| 082 |
_aTRE 805.19 _b D87 1990 |
||
| 100 |
_aDuff, Alan _916602 |
||
| 245 |
_aResource books for teachers : _b Literature / _c Alan duff |
||
| 260 |
_aOxford : _bOxford University Press, _c1990. |
||
| 300 |
_a167 p. : _bill. ; _c25 cm. |
||
| 650 |
_aLanguage teaching _916603 |
||
| 650 |
_aLiterature _92409 |
||
| 650 |
_a Classroom _xMaterials and techniques _916604 |
||
| 942 |
_2lcc _cHS |
||
| 999 |
_c10388 _d10388 |
||